000 04125cgm a2200553Ma 4500
001 on1035117531
005 20180719103026.0
007 vd cvaizs
008 180719s2013 enk086 vleng d
024 1 _a5060115340397
028 4 0 _aSEV181
035 _a(OCoLC)1035117531
040 _aCo-BoUCM
_bspa
_cSaul Niño
_dSaul Niño
041 1 _aeng
_heng
043 _ae-ne---
050 1 4 _aND653.V5
_bV476 2013
082 0 4 _a759.9492
_220
245 0 0 _aVermeer
_bfrom the National Gallery, London
_cPhil Grabsky Films.com, in association with BY Experience HD present Exhibition on screen ; written and directed by Phil Grabsky, Ben Harding
246 3 _aJohannes Vermeer
_bVermeer and music, the art of love and leisure
260 _a[Brighton, England]
_bSeventh Art Productions
_c[2013]
300 _a1 DVD (86 minutos)
_bsonido, color
490 0 _aExhibition on screen
_v03
500 _aExtras: interview with Phil Grabsky ; Arthur Wheelock on Vermeer and Rembrandt ; Arthur Wheelock on Vermeer contemporaries ; Vermeer paintings at the National Gallery Washington ; Walter Liedtke on Vermeer paintings at the Met NY.
508 _aExecutive producer, Phil Grabsky ; executive producers for Cinama, Julie Borchard-Young, Robert Borchard-Young for BY Experience ; music, Ernst Stolz, Trond Bengtson ; camera, Ray Brislin and three others ; editors, David Bickerstaff, Tom Thistlethwaite.
511 0 _aPresented by Tim Marlow ; narrator, Clare Corbett ; interviewees, Betsy Wieseman, Arthur Wheelock.
520 _a"Johannes Vermeer (1632-1675) es un pintor fascinante que explora la vida y las obras aquí en detalle. Filmada en la National Gallery de Londres, el Met de Nueva York y otras galerías en los Estados Unidos y los Países Bajos, esta película se adentra en una impresionante colección de las mejores obras de Vermeer y ofrece una biografía detallada del artista, su vida y su época. Una exposición de actividades musicales de época se mezcla hábilmente con el arte de Vermeer y sus contemporáneos. La música en vivo de la Academia de Música Antigua sirve como una hermosa banda sonora para la vista maravillosa de las pinturas de Vermeer. Tim Marlow, historiador de arte y locutor de arte de fama mundial, nos guía a través de la obra de arte y ofrece una biografía de primer nivel de Johannes Vermeer. Él invita a los comentarios de las principales autoridades sobre bellas artes y de Tracy Chevalier, cuya novela best-seller, inspirada por Vermeer, se convirtió en la película de gran éxito, Girl with a Pearl Earring. La exposición de la National Gallery se ha cerrado y muchas piezas son demasiado frágiles para volver a viajar, pero todo esto se puede disfrutar en DVD. Los extras adicionales incluyen escenas adicionales, entrevistas con invitados especiales (como los curadores Arthur Wheelock y Walter Liedtke) y una entrevista con el director."
538 _aDVD; NTSC; todas las regiones ; widescreen presentation; Dolby digital 2.0.
546 _aAudio en inglés, subtítulos en español, inglés, francés, alemán, italiano
600 1 0 _aVermeer, Johannes
_d1632-1675
_993174
600 1 0 _aVermeer, Johannes
_d1632-1675
_vExposiciones
_993176
600 1 7 _aVermeer, Johannes
_d1632-1675.
_vObras de arte
_993178
650 7 _aPintores holandeses
_vBiografías
_921515
650 7 _aArte
_99444
_vCine documental
_zHolanda
650 7 _aMúsica
_vCine documental
_919976
_zHolanda
650 7 _aPintura holandesa
_921551
_vCine documental
700 1 _aGrabsky, Phil
_993053
700 1 _aHarding, Ben
_993179
700 1 _aMarlow, Tim
_d1963-
_993054
700 1 _aCorbett, Clare
_993180
700 1 _aWieseman, Betsy
_993159
700 1 _aStolz, Ernst
_993181
700 1 _aWheelock, Arthur K.
_cJr.,
_d1943-
_993182
700 1 _aLiedtke, Walter A.
_993183
700 1 _aBrislin, Ray
_993184
700 1 _aChevalier, Tracy
_958345
710 2 _aExhibition on Screen Ltd.,
_993185
710 2 _aAcademy of Ancient Music (1973- ).
_bClassical Chamber Ensemble
_993186
942 _2DEWEY
_a17
_cMULTIMEDIA
_e1
_h759.9492
_mF931n
999 _c310118
_d310118